• 首页
  • 本馆介绍
  • 公告通知
  • 最新文献
  • 馆藏检索
  • 电子资源
  • 读者导购
  • 参考咨询
  • 我的图书馆
  • 登录
  • 详细信息显示
  • 放入我的书架
  • 预约/预借图书
  • 作者相关作品
  • 分类相关作品
  • 丛书相关作品
  • 出版社相关作品

书目信息

  • 表格格式
  • 工作单格式
  • 卡片格式
题名:
古今俗语集成
    
 
作者: 温端政 主编 ;王树山 , 尚恒元 , 申文元 辑
分册: 第一卷  
出版信息: 太原   山西教育出版社  1989.07
页数: 996页
开本: 20cm
丛书名:
单 册:
中图分类: H136.4
科图分类:
主题词: 汉语--俗语
电子资源:
ISBN: 7-80578-203-2
000 00743nam0 2200241 45
001 0211281534
005 20050418155304.8
010    @b精装@a7-80578-203-2@dCNY16.80
100    @a20021128d1989 km y0chiy0120 ea
101 0  @achi
105    @a z 001yy
200 1  @a古今俗语集成@AGu Jin Su Yu Ji Cheng@h第一卷@f温端政主编@FWen Duan Zheng Zhu Bian@g王树山,尚恒元,申文元辑
210    @a太原@c山西教育出版社@d1989.07
215    @a996页@d20cm
300    @a书后附条目音序索引
606 0  @a汉语@x俗语
690    @aH136.4@v3
701  0 @a温端政@4主编
702  0 @a王树山@AWang Shu Shan@4辑
702  0 @a尚恒元@AShang Heng Yuan@4辑
702  0 @a申文元@AShen Wen Yuan@4辑
801    @aCN@bTSTC@c20020521
905    @dH136.4@e174:1@b247062@f1
    
    古今俗语集成.第一卷/温端政主编/王树山,尚恒元,申文元辑.-太原:山西教育出版社,1989.07
    996页;20cm
    书后附条目音序索引
    
    ISBN 7-80578-203-2(精装):CNY16.80
    
●
相关链接 在E读中查询图书 在五车中查询图书 在当当中查询图书 在豆瓣中查询图书


正题名:古今俗语集成     索取号:H136.4/174:1         预约/预借

序号 登录号 条形码 馆藏地/架位号 状态 备注
1 0247061   001794721   密集书库/ [索取号:H136.4/174:1] 在馆    
2 0247062   002025310   第二样本阅览室/ [索取号:H136.4/174:1] 在馆    
3 0247063   000837544   第四借阅区/ [索取号:H136.4/174:1] 在馆    
4 0247064   000837492   第四借阅区/ [索取号:H136.4/174:1] 在馆    
5 0247065   001794767   密集书库/ [索取号:H136.4/174:1] 在馆    
唐山师范学院图书馆 欢迎您!
大连网信软件有限公司© 版权所有